[Event "NOR-ch Seniors 50"]
[Site "Sarpsborg"]
[Date "2018.07.14"]
[Round "9"]
[White "Bjornland, Svein Arne"]
[Black "Johansen, Lars"]
[Result "1-0"]
[WhiteElo "2093"]
[BlackElo "1902"]
[PlyCount "95"]
[EventDate "2018.07.07"]
[EventType "swiss"]
[EventRounds "9"]
[EventCountry "NOR"]
[SourceTitle "EXT 2024"]
[Source "ChessBase"]
[SourceDate "2023.10.10"]
[SourceVersion "1"]
[SourceVersionDate "2023.10.10"]
[SourceQuality "1"]

1. f4 e5 2. fxe5 d6 3. exd6 Bxd6 4. Nf3 Nc6 5. d4 Bg4 6. Qd3 Bxf3 7. exf3 Qh4+ 8. Kd1 Nxd4 9. Be3 Nc6 10. Qe4+ Qxe4 11. fxe4 0-0-0 12. Nd2 Nf6 13. c3 Ng4 14. Ke2 f5 15. g3 fxe4 16. Bh3 Nce5 17. Nxe4 Kb8 18. Nxd6 Nxe3 19. Nxb7 Kxb7 20. Kxe3 Nc4+ 21. Kf4 Rhf8+ 22. Kg5 Ne3 23. Rae1 Rd5+ 24. Kh4 g5+ 25. Kh5 g4+ 26. Kh4 gxh3 27. Rxe3 Rf2 28. Re7 Rxb2 29. Rxh7 Rxa2 30. Kxh3 a5 31. g4 a4 32. Kh4 a3 33. Rh5 Rdd2 34. h3 Rab2 35. Ra5 a2 36. g5 Re2 37. Kh5 Kb6 38. Ra8 Re3 39. Rb8+ Ka7 40. Rxb2 Rxh3+ 41. Kg4 Rxh1 42. Rxa2+ Kb6 43. Rg2 Kc5 44. g6 Rh8 45. Kg5 Kd6 46. g7 Rg8 47. Kf6 c5 48. Kf7 1-0

[Event "NOR-chB"]
[Site "Moss"]
[Date "2006.07.12"]
[Round "6"]
[White "Bjornland, Svein Arne"]
[Black "Johnsen, Kjell Magne"]
[Result "0-1"]
[WhiteElo "1776"]
[BlackElo "1817"]
[PlyCount "104"]
[EventDate "2006.07.08"]
[EventType "swiss"]
[EventRounds "9"]
[EventCountry "NOR"]
[SourceTitle "EXT 2007"]
[Source "ChessBase"]
[SourceDate "2006.11.23"]
[SourceVersion "1"]
[SourceVersionDate "2006.11.23"]
[SourceQuality "1"]

1. f4 c5 2. Nf3 Nc6 3. e3 d6 4. d4 Nf6 5. c3 g6 6. dxc5 dxc5 7. Qxd8+ Nxd8 8. Nbd2 Nc6 9. e4 Bg7 10. Bd3 0-0 11. a4 Rd8 12. Bc2 b6 13. 0-0 Ba6 14. Re1 Bd3 15. Bxd3 Rxd3 16. Nc4 Rad8 17. e5 Nd5 18. Kf2 Nc7 19. Be3 Ne6 20. g4 Nf8 21. f5 Nd7 22. Bf4 f6 23. e6 Nde5 24. Bxe5 Nxe5 25. Nfxe5 fxe5 26. Nxe5 Rd2+ 27. Kg1 Bxe5 28. Rxe5 Rxb2 29. fxg6 hxg6 30. Re3 Rdd2 31. Rh3 Rg2+ 32. Kh1 Rge2 33. Rf1 Rxe6 34. Rhf3 Ree2 35. Rf8+ Kg7 36. R1f7+ Kh6 37. h4 Rh2+ 38. Kg1 Rxh4 39. Rh8+ Kg5 40. Rxh4 Kxh4 41. Rxe7 a5 42. Kf1 Kxg4 43. Ke1 g5 44. Kd1 Kf3 45. Rf7+ Kg3 46. Rf6 g4 47. Kc1 Ra2 48. Rxb6 Rxa4 49. Rb3 Rc4 50. Kd2 a4 51. Kd3 Rf4 52. Rb5 Kf2 0-1

[Event "Fredrikstad CC-ch"]
[Site "Fredrikstad"]
[Date "2003.03.26"]
[Round "8"]
[White "Bjornland, Svein Arne"]
[Black "Andersen, Harry"]
[Result "1-0"]
[WhiteElo "1839"]
[BlackElo "1675"]
[PlyCount "53"]
[EventDate "2003.01.??"]
[EventType "swiss"]
[EventRounds "11"]
[EventCountry "NOR"]
[SourceTitle "EXT 2005"]
[Source "ChessBase"]
[SourceDate "2004.11.15"]
[SourceVersion "1"]
[SourceVersionDate "2004.11.15"]
[SourceQuality "1"]

1. c4 e5 2. Nc3 Nf6 3. Nf3 e4 4. Ng5 Qe7 5. Qc2 d5 6. cxd5 Bf5 7. f3 Na6 8. Ngxe4 Nb4 9. Qa4+ Kd8 10. d6 cxd6 11. Qxb4 Nxe4 12. fxe4 Be6 13. Nd5 Bxd5 14. Qa5+ b6 15. Qxd5 Rc8 16. b4 h5 17. e3 Rh6 18. Ba6 Rb8 19. 0-0 Re6 20. Bb2 f6 21. Bc4 Rxe4 22. Bd4 Rg4 23. Rf5 Qe4 24. Qxe4 Rxe4 25. Rxh5 Rc8 26. Bd3 Re7 27. Rh8 1-0

[Event "Fredrikstad CC-ch"]
[Site "Fredrikstad"]
[Date "2003.02.05"]
[Round "3"]
[White "Bjornland, Svein Arne"]
[Black "Jensen, Arne Roger"]
[Result "1-0"]
[WhiteElo "1839"]
[BlackElo "1955"]
[PlyCount "43"]
[EventDate "2003.01.??"]
[EventType "swiss"]
[EventRounds "11"]
[EventCountry "NOR"]
[SourceTitle "EXT 2005"]
[Source "ChessBase"]
[SourceDate "2004.11.15"]
[SourceVersion "1"]
[SourceVersionDate "2004.11.15"]
[SourceQuality "1"]

1. c4 f5 2. Nc3 Nf6 3. d4 e6 4. Nf3 Be7 5. g3 0-0 6. Bg2 d6 7. 0-0 Qe8 8. Qc2 Bd8 9. e4 fxe4 10. Nxe4 Nxe4 11. Qxe4 Nd7 12. Re1 Nf6 13. Qd3 Qh5 14. b3 e5 15. dxe5 Bf5 16. Qd2 Ng4 17. Ba3 Kh8 18. Rad1 c5 19. exd6 Bd7 20. Qd5 Rf5 21. Qxb7 Rxf3 22. Qxf3 1-0

[Event "Fredrikstad Hostturnering"]
[Site "Fredrikstad"]
[Date "2002.11.20"]
[Round "8"]
[White "Mordt, Camillo"]
[Black "Bjornland, Svein Arne"]
[Result "0-1"]
[WhiteElo "1392"]
[BlackElo "1825"]
[PlyCount "70"]
[EventDate "2002.09.??"]
[EventType "swiss"]
[EventRounds "9"]
[EventCountry "NOR"]
[SourceTitle "EXT 2005"]
[Source "ChessBase"]
[SourceDate "2004.11.15"]
[SourceVersion "1"]
[SourceVersionDate "2004.11.15"]
[SourceQuality "1"]

1. e4 Nf6 2. Nc3 e5 3. f4 d5 4. exd5 exf4 5. Bb5+ c6 6. dxc6 bxc6 7. Bc4 Bd6 8. d4 0-0 9. Nf3 Re8+ 10. Ne2 Ba6 11. Bxa6 Qa5+ 12. Nd2 Nd5 13. 0-0 Qxa6 14. Nc3 Ne3 15. Qe1 Nd7 16. Nde4 Nxf1 17. Qxf1 Qxf1+ 18. Kxf1 Bc7 19. Kf2 f5 20. Nc5 Nxc5 21. dxc5 g5 22. b4 Rad8 23. g3 fxg3+ 24. hxg3 Be5 25. Bb2 Rd2+ 26. Kf3 Bd4 27. Nd1 Re4 28. g4 Rf4+ 29. Kg3 Rxg4+ 30. Kf3 Rf4+ 31. Kg3 Bf2+ 32. Kg2 Rg4+ 33. Kh3 Bg3 34. Nf2 Rxf2 35. Rh1 Bf4 0-1

[Event "Fredrikstad Hostturnering"]
[Site "Fredrikstad"]
[Date "2002.10.16"]
[Round "5"]
[White "Bjornland, Svein Arne"]
[Black "Lunde, Sigmund"]
[Result "0-1"]
[WhiteElo "1825"]
[BlackElo "1666"]
[PlyCount "112"]
[EventDate "2002.09.??"]
[EventType "swiss"]
[EventRounds "9"]
[EventCountry "NOR"]
[SourceTitle "EXT 2005"]
[Source "ChessBase"]
[SourceDate "2004.11.15"]
[SourceVersion "1"]
[SourceVersionDate "2004.11.15"]
[SourceQuality "1"]

1. c4 Nf6 2. Nf3 c5 3. Nc3 Nc6 4. g3 e6 5. Bg2 Be7 6. 0-0 0-0 7. d4 cxd4 8. Nxd4 Qb6 9. Nc2 d6 10. e4 Bd7 11. Be3 Qa5 12. Qe2 Rac8 13. Bd2 Qb6 14. b3 Nd4 15. Nxd4 Qxd4 16. Rac1 Qb6 17. Be3 Qa5 18. Rfd1 a6 19. c5 dxc5 20. e5 Nd5 21. Nxd5 exd5 22. Bxd5 Bc6 23. Qg4 Kh8 24. Bxf7 Qxa2 25. Rd7 Rxf7 26. Rxe7 Rxe7 27. Qxc8+ Re8 28. Qf5 Qxb3 29. e6 Qxe6 30. Qxe6 Rxe6 31. Bxc5 a5 32. h4 h5 33. Ra1 Re5 34. Bb6 a4 35. f4 Rb5 36. Be3 Rb3 37. Bc5 Rxg3+ 38. Kf2 Rg2+ 39. Ke3 a3 40. f5 Rg4 41. Bd4 Re4+ 42. Kd3 Rf4 43. Rg1 Rg4 44. Rxg4 hxg4 45. Kc4 a2 46. Kd3 Kh7 47. Ke3 g3 48. Be5 Kh6 49. Ke2 Kh5 50. f6 gxf6 51. Bxf6 Kg4 52. Kf1 Kf3 53. h5 Ke3 54. h6 Be4 55. h7 Bxh7 56. Kg2 Kf4 0-1

[Event "Fredrikstad Hostturnering"]
[Site "Fredrikstad"]
[Date "2002.09.25"]
[Round "1"]
[White "Bjornland, Svein Arne"]
[Black "Olsen, Svein"]
[Result "1-0"]
[WhiteElo "1825"]
[BlackElo "1521"]
[PlyCount "37"]
[EventDate "2002.09.??"]
[EventType "swiss"]
[EventRounds "9"]
[EventCountry "NOR"]
[SourceTitle "EXT 2005"]
[Source "ChessBase"]
[SourceDate "2004.11.15"]
[SourceVersion "1"]
[SourceVersionDate "2004.11.15"]
[SourceQuality "1"]

1. c4 c5 2. Nf3 g6 3. g3 Bg7 4. Bg2 e6 5. d4 cxd4 6. Nxd4 Qb6 7. Nb3 d6 8. Na3 Ne7 9. Be3 Qb4+ 10. Bd2 Qa4 11. Nb5 0-0 12. Nc7 Bxb2 13. Rb1 Bg7 14. Nxa8 Na6 15. 0-0 Nc6 16. Na5 Qxa2 17. Nxc6 bxc6 18. Bxc6 Qxc4 19. Rc1 1-0

[Event "Fredrikstad CC-ch"]
[Site "Fredrikstad"]
[Date "2002.04.24"]
[Round "8"]
[White "Nilsen, Kai"]
[Black "Bjornland, Svein Arne"]
[Result "0-1"]
[WhiteElo "1533"]
[BlackElo "1821"]
[PlyCount "66"]
[EventDate "2002.01.??"]
[EventType "swiss"]
[EventRounds "11"]
[EventCountry "NOR"]
[SourceTitle "EXT 2005"]
[Source "ChessBase"]
[SourceDate "2004.11.15"]
[SourceVersion "1"]
[SourceVersionDate "2004.11.15"]
[SourceQuality "1"]

1. e4 e5 2. Nf3 Nc6 3. d4 exd4 4. Nxd4 Qf6 5. Be3 Bc5 6. c3 Nge7 7. Be2 d5 8. Bf3 Ne5 9. Qe2 Nxf3+ 10. gxf3 Bd7 11. Nd2 Bb6 12. Nc2 Bxe3 13. Qxe3 Qb6 14. 0-0-0 0-0-0 15. Qxb6 axb6 16. Rhg1 g6 17. Nb4 Be6 18. Nb3 c5 19. Nc2 f5 20. Rge1 fxe4 21. fxe4 Bg4 22. Rd2 Bf3 23. exd5 Nxd5 24. Re5 Nf4 25. Ne1 Bg4 26. Re4 Rde8 27. Re3 Ne2+ 28. Kb1 Rxe3 29. fxe3 Rf8 30. Kc2 Rf1 31. h3 Bf5+ 32. Nd3 c4 33. Nd4 Rc1# 0-1

[Event "Fredrikstad op"]
[Site "Fredrikstad"]
[Date "2001.10.03"]
[Round "5"]
[White "Boe, Timmy"]
[Black "Bjornland, Svein Arne"]
[Result "0-1"]
[WhiteElo "1476"]
[BlackElo "1860"]
[PlyCount "86"]
[EventDate "2001.08.??"]
[EventType "swiss"]
[EventRounds "9"]
[EventCountry "NOR"]
[SourceTitle "EXT 2005"]
[Source "ChessBase"]
[SourceDate "2004.11.15"]
[SourceVersion "1"]
[SourceVersionDate "2004.11.15"]
[SourceQuality "1"]

1. e4 e5 2. Nf3 Nc6 3. Bb5 f5 4. Nc3 fxe4 5. Nxe4 d5 6. Nxe5 dxe4 7. Nxc6 Qg5 8. Qe2 Nf6 9. f4 Qxf4 10. d4 Qh4+ 11. g3 Qh3 12. Ne5+ c6 13. Nxc6 a6 14. Ba4 Bd7 15. Ne5 Bxa4 16. Qc4 Bd7 17. Qf7+ Kd8 18. Bg5 Be7 19. Qb3 b5 20. Nf7+ Ke8 21. Nxh8 Be6 22. Qe3 Qg2 23. 0-0-0 Nd5 24. Qd2 Bxg5 25. Qxg5 Rc8 26. Qd2 Qxd2+ 27. Rxd2 e3 28. Re2 Ke7 29. a3 a5 30. Ng6+ hxg6 31. Rhe1 Rf8 32. b3 b4 33. Kb2 Rf3 34. axb4 axb4 35. Ra1 Rf2 36. Rxf2 exf2 37. Rf1 Ne3 38. Rxf2 Nd1+ 39. Kc1 Nxf2 40. Kd2 Kd6 41. Ke2 Bf5 42. Kxf2 Bxc2 43. Ke3 Bxb3 0-1

[Event "Hostturnering"]
[Site "Fredrikstad"]
[Date "1993.??.??"]
[Round "6"]
[White "Bjornland, Svein Arne"]
[Black "Naess, Erik"]
[Result "1/2-1/2"]
[WhiteElo "1900"]
[BlackElo "1700"]
[PlyCount "55"]
[EventDate "1993.??.??"]
[EventType "swiss"]
[EventRounds "9"]
[EventCountry "NOR"]
[SourceTitle "EXT 2006"]
[Source "ChessBase"]
[SourceDate "2005.11.24"]
[SourceVersion "1"]
[SourceVersionDate "2005.11.24"]
[SourceQuality "1"]

1. d4 Nf6 2. Nf3 g6 3. g3 Bg7 4. Bg2 d5 5. 0-0 0-0 6. Nbd2 Re8 7. Re1 c6 8. c4 Nbd7 9. cxd5 cxd5 10. Nf1 Ne4 11. Ng5 Nxg5 12. Bxg5 Qb6 13. Be3 Nf6 14. Qb3 Qxb3 15. axb3 Be6 16. Rec1 Rec8 17. Rxc8+ Bxc8 18. Nd2 e6 19. Bf4 Ne8 20. e3 f6 21. g4 Kf8 22. g5 f5 23. Bf1 Bd7 24. b4 Ke7 25. Nb3 b6 26. b5 Nd6 27. Bxd6+ Kxd6 28. f4 1/2-1/2

[Event "Hostturnering"]
[Site "Fredrikstad"]
[Date "1993.??.??"]
[Round "5"]
[White "Fjellengen, Bard"]
[Black "Bjornland, Svein Arne"]
[Result "0-1"]
[WhiteElo "1600"]
[BlackElo "1900"]
[PlyCount "70"]
[EventDate "1993.??.??"]
[EventType "swiss"]
[EventRounds "9"]
[EventCountry "NOR"]
[SourceTitle "EXT 2006"]
[Source "ChessBase"]
[SourceDate "2005.11.24"]
[SourceVersion "1"]
[SourceVersionDate "2005.11.24"]
[SourceQuality "1"]

1. Nf3 Nf6 2. g3 b6 3. Bg2 Bb7 4. c4 e6 5. 0-0 Be7 6. d3 d5 7. Nc3 0-0 8. Qc2 d4 9. Nb5 c5 10. Bf4 Nc6 11. Ne5 Nb4 12. Qb3 Bxg2 13. Kxg2 Qc8 14. Bd2 Nc6 15. Nxc6 Qxc6+ 16. Kg1 e5 17. e4 dxe3 18. Bxe3 h6 19. Qc2 Rfd8 20. Rad1 Rd7 21. Qc3 a6 22. Na3 Qe6 23. Kg2 Rad8 24. f4 Ng4 25. Rfe1 Qc6+ 26. Kh3 Qf3 27. Bg1 Rxd3 28. Rxd3 Rxd3 29. Qxd3 Qxd3 30. Kxg4 f5+ 31. Kh3 exf4 32. Rxe7 Qf1+ 33. Kh4 Qxg1 34. Kh3 g5 35. Nb5 Qf1# 0-1